000 00670cam a22002293a 4500
001 31023
003 PGUSA
005 20140828083654.0
008 100120s2010||||xxu|||||s|||||000 | eng d
040 _aPGUSA
_beng
042 _adc
050 4 _aTL
100 1 _aMeyer, Robert B.
245 1 4 _aThe First Airplane Diesel Engine :
_bPackard Model DR-980 of 1928
_h[electronic resource] /
_cRobert B. Meyer
260 _bProject Gutenberg,
_c2010
506 _aPublic domain in the USA.
516 _aElectronic text
653 _aAirplanes -- Motors (Diesel)
830 0 _aProject Gutenberg
_v31023
856 4 0 _uhttp://www.gutenberg.org/ebooks/31023
942 _cEB
999 _c260278
_d260278